Unveiling of transport 'vision' (Record no. 61987)

MARC details
000 -LEADER
fixed length control field 00939cam a2200229 4500
001 - CONTROL NUMBER
control field WB3549-39
008 - FIXED-LENGTH DATA ELEMENTS--GENERAL INFORMATION
fixed length control field 000000n1999 000 0 eng u
035 ## - SYSTEM CONTROL NUMBER
System control number (Sirsi) u103137
245 ## - TITLE STATEMENT
Title Unveiling of transport 'vision'
260 ## - PUBLICATION, DISTRIBUTION, ETC.
Date of publication, distribution, etc. 1999
490 ## - SERIES STATEMENT
Series statement Independent
Volume/sequential designation 14 December 1999, 6(2)
490 ## - SERIES STATEMENT
Series statement DETR News Release
Volume/sequential designation (1198) 13 December 1999 (3)
520 ## - SUMMARY, ETC.
Summary, etc. The Deputy Prime Minister has announced investment in transport of £80bn over the next ten years, and unveiled the projects which he would like to see introduced, including a 'Transport Direct' telephone service offering advice on all types of transport, a universal ticket, covering all transport modes, and new bus and rail fleets.
590 ## - LOCAL NOTE (RLIN)
Local note WB
650 ## - SUBJECT ADDED ENTRY--TOPICAL TERM
Topical term or geographic name entry element TRANSPORT POLICY
650 ## - SUBJECT ADDED ENTRY--TOPICAL TERM
Topical term or geographic name entry element TRANSPORT INVESTMENT
650 ## - SUBJECT ADDED ENTRY--TOPICAL TERM
Topical term or geographic name entry element PUBLIC TRANSPORT
650 ## - SUBJECT ADDED ENTRY--TOPICAL TERM
Topical term or geographic name entry element GOVERNMENT POLICY
650 ## - SUBJECT ADDED ENTRY--TOPICAL TERM
Topical term or geographic name entry element SAFETY
690 ## - LOCAL SUBJECT ADDED ENTRY--TOPICAL TERM (OCLC, RLIN)
Topical term or geographic name as entry element TRANSPORT AND COMMUNICATIONS
942 ## - ADDED ENTRY ELEMENTS (KOHA)
Suppress in OPAC 0
Holdings
Withdrawn status Lost status Source of classification or shelving scheme Damaged status Not for loan Home library Current library Shelving location Date acquired Total Checkouts Full call number Barcode Date last seen Copy number Price effective from Koha item type
    Dewey Decimal Classification     London London News article 15/12/1999   WB3549-39 103137-1001 06/08/2019 1 06/08/2019 News article